000 00330cam a2200133ua 4500
003 OSt
008 230506b |||||||| |||| 00| 0 eng d
041 _aeng
082 _a631.313
_bIND/SP
245 _aSpecification for cage wheel for power tillers,IS:10282-1982 /
260 _a :
_bISI ,
_c1983.
300 _a6 ; .
942 _cBK
999 _c4236
_d4236